000 00635cam a22002293a 4500
001 14904
003 PGUSA
005 20140828083322.0
008 050204s2005||||xxu|||||s|||||000 | eng d
040 _aPGUSA
_beng
042 _adc
050 4 _aKJ
100 1 _aPortugal
245 1 0 _aConstituição politica da Monarchia portugueza
_h[electronic resource] /
_cPortugal
260 _bProject Gutenberg,
_c2005
506 _aPublic domain in the USA.
516 _aElectronic text
653 _aConstitutions -- Portugal
830 0 _aProject Gutenberg
_v14904
856 4 0 _uhttp://www.gutenberg.org/ebooks/14904
942 _cEB
999 _c244159
_d244159